| 000 -LEADER |
| fixed length control field |
01508nam a2200277Ia 4500 |
| 001 - CONTROL NUMBER |
| control field |
16388 |
| 003 - CONTROL NUMBER IDENTIFIER |
| control field |
GE_BSU |
| 008 - FIXED-LENGTH DATA ELEMENTS--GENERAL INFORMATION |
| fixed length control field |
181216s||||||||xx |||||||||||||| ||und|| |
| 020 ## - INTERNATIONAL STANDARD BOOK NUMBER |
| International Standard Book Number |
9789941159145 |
| 040 ## - CATALOGING SOURCE |
| Transcribing agency |
GE_BSU |
| 080 ## - UNIVERSAL DECIMAL CLASSIFICATION NUMBER |
| Universal Decimal Classification number |
821.124-22 |
| 245 ## - TITLE STATEMENT |
| Title |
ელინისტური და რომაული კომედია |
| 245 ## - TITLE STATEMENT |
| Remainder of title |
ტ. 18 |
| 245 ## - TITLE STATEMENT |
| Statement of responsibility, etc. |
მთარგმნ.: მანანა ფხაკაძე, იამზე გაგუა;რედ: დიანა ყასუმაშვილი; დიზ.ია მახათაძე სერიის მთ. რედ. და შემდგ. ემზარ გოგუაძე ; |
| 260 ## - PUBLICATION, DISTRIBUTION, ETC. |
| Place of publication, distribution, etc. |
თბილისი |
| 260 ## - PUBLICATION, DISTRIBUTION, ETC. |
| Name of publisher, distributor, etc. |
ბაკურ სულაკაურის გამ-ბა |
| 260 ## - PUBLICATION, DISTRIBUTION, ETC. |
| Date of publication, distribution, etc. |
2013. |
| 300 ## - PHYSICAL DESCRIPTION |
| Extent |
395გვ;22სმ |
| 300 ## - PHYSICAL DESCRIPTION |
| Other physical details |
შენიშვნ.: გვ. 382-392 |
| 300 ## - PHYSICAL DESCRIPTION |
| Dimensions |
ყდაზე: რომაული კედლის მხატვრობა |
| 653 ## - INDEX TERM--UNCONTROLLED |
| Uncontrolled term |
(ელინისტური და რომაული კომედია) |
| 653 ## - INDEX TERM--UNCONTROLLED |
| Uncontrolled term |
ანტიკური მწერლობა |
| 653 ## - INDEX TERM--UNCONTROLLED |
| Uncontrolled term |
დისკოლოსი; სამოსელი ქალი / მენანდროსი; ფსევდოლი / ტიტუს მაკკიუს პლავტუსი; საჭურისი / პუბლიუს ტერენციუს აფერი |
| 942 ## - ADDED ENTRY ELEMENTS (KOHA) |
| Koha item type |
წიგნი |